000 00338nam a2200109Ia 4500
008 171211s9999 xx 000 0 und d
245 _aResisting Abstraction: Robert Delaunay and Vision in the Face of Modernism
245 _cGordon Hughes
260 _c2014
650 _xDesign
856 _uhttp://down.ebook777.com/061/9780226159065.pdf
999 _c347942
_d347942